000 00842nab a2200229 i 4500
001 180774
003 ES-MaACL
005 20250827063231.0
008 120711s1913 sp 000 0 spa d
100 1 _aMorato, Juan José,
_d1864-1938
_eaut
_983163
245 1 3 _aEl movimiento obrero en España /
_cpor Juan José Morato
300 _aPáginas 25-47
594 _5Precede al título: Conferencias del Ateneo de Madrid, 1912
599 _aRetrato del autor en portada
610 2 4 _aAteneo de Madrid-
_vConferencias-
_y1900-1939
_91907
650 4 _aMovimiento obrero-
_zEspaña-
_vHistoria
_915214
655 0 _aConferencias
_9234444
773 0 _tLa Palabra : revista taquigráfica,
_xISSN 2479-7723,
_gN. 7 (1 abril 1913), p. 25-47
_02879
_w2879
_92987
942 _cANAB
_2udc
_n0
999 _c180774
_d180774